| Tag |
First Indicator |
Second Indicator |
Subfields |
| LEADER |
00000cam a2200000 4500 |
| 001 |
in00001383813 |
| 005 |
20151020050733.0 |
| 008 |
740204s1972 xx 000 0 eng d |
| 035 |
|
|
|a (OCoLC)00788566
|
| 035 |
|
|
|9 AHL5667AM
|
| 040 |
|
|
|a DRB
|c DRB
|d IAS
|d TXA
|d UtOrBLW
|
| 043 |
|
|
|a n-us---
|
| 049 |
|
|
|a TXAM
|
| 086 |
0 |
|
|a I 29.66:972
|
| 090 |
|
|
|a E160
|b .U644 1972
|
| 110 |
1 |
|
|a United States.
|b National Park Service.
|
| 245 |
1 |
0 |
|a Areas administered by the National Park Service :
|b and related properties as of January 1, 1972.
|
| 264 |
|
2 |
|a [Washington] :
|b [National Park Service, U.S. Dept. of the Interior, For sale by the Supt. of Docs., U.S. Govt. Print. Off],
|c [1972]
|
| 300 |
|
|
|a 192 pages :
|b illustrations ;
|c 24 cm.
|
| 336 |
|
|
|a text
|b txt
|2 rdacontent
|
| 337 |
|
|
|a unmediated
|b n
|2 rdamedia
|
| 338 |
|
|
|a volume
|b nc
|2 rdacarrier
|
| 536 |
|
|
|a The Al Stonestreet Parks and Recreation Collection, 1997.
|
| 500 |
|
|
|a Cover title: National parks & landmarks.
|
| 650 |
|
0 |
|a National parks and reserves
|z United States
|x Directories.
|
| 740 |
0 |
|
|a National parks & landmarks.
|
| 999 |
|
|
|a MARS
|
| 999 |
f |
f |
|s a672c478-5852-3629-b42b-789ee4d9adc2
|i 8c44e3e5-d1af-3c3e-9197-e3cdcafb5fc2
|t 0
|
| 952 |
f |
f |
|p noncirc
|a Texas A&M University
|b College Station
|c Cushing Memorial Library & Archives
|d Cushing: Stonestreet (Does not check out)
|t 0
|e E160 .U644 1972
|h Library of Congress classification
|i unmediated -- volume
|m A14821591398
|
| 998 |
f |
f |
|a E160 .U644 1972
|t 0
|l Cushing: Stonestreet (Does not check out)
|